000 00425nam a22001817a 4500
003 MPLRDC
005 20220104180412.0
008 210129b ||||| |||| 00| 0 eng d
020 _a0-582-73114-3
082 _a803.92 SIW c.2
100 _aRUBAIDIN SIWAR
245 _aPERIBAHASA PILIHAN
_c
250 _a初版
260 _a
_bLONGMAN MALAYSIA S/B
_c1984
300 _b
650 _a
942 _cBK
_o803.92 SIW c.2
999 _c60903
_d60893